000 00618nam a2200229Ia 4500
003 OSt
005 20220918214520.0
006 a|||||r|||| 00| 0
007 ta
008 220917b |||||||| |||| 00| 0 eng d
024 _a137,804
037 _cTextual
040 _aARTS
_cARTS
_beng
041 _2eng
_aeng
082 _aY:1v2.N7, M5.1
100 _aBajpai K D ed
_9131585
245 0 _aCultural history of India edited by K D Bajpai
260 _aDelhi
_bPrajna Prakashan
_c1985
650 _aSOCIOLOGY
942 _hY:1v2.N7, M5.1
_cTEXL
_2CC
999 _c260878
_d260878